पश्चात्य इतिहास दर्शन एव इतिहास लेखन / (Record no. 211126)
[ view plain ]
| 000 -LEADER | |
|---|---|
| fixed length control field | 00768nam a22001817a 4500 |
| 005 - DATE AND TIME OF LATEST TRANSACTION | |
| control field | 20250425151909.0 |
| 010 ## - LCCN (DPL NO) | |
| LC control number | HIN-129558 |
| 020 ## - INTERNATIONAL STANDARD BOOK NUMBER | |
| Terms of availability | 600.00 |
| International Standard Book Number | 9788119133598 |
| 035 ## - SYSTEM CONTROL NUMBER | |
| System control number | HN-101904 |
| 037 ## - SOURCE OF ACQUISITION | |
| Source of stock number/acquisition | DBAD |
| 082 ## - DEWEY DECIMAL CLASSIFICATION NUMBER | |
| Classification number | 954 |
| 100 ## - MAIN ENTRY--PERSONAL NAME | |
| Personal name | चतुर्वेदी ,हेरम्ब |
| 245 ## - TITLE STATEMENT | |
| Title | पश्चात्य इतिहास दर्शन एव इतिहास लेखन / |
| Statement of responsibility, etc | हेरम्ब,चतुर्वेदी |
| 260 ## - PUBLICATION, DISTRIBUTION, ETC. (IMPRINT) | |
| Place of publication, distribution, etc | नई दिल्ली |
| Name of publisher, distributor, etc | लोकभारती प्रकाशन |
| Date of publication, distribution, etc | 2023 |
| 270 ## - ADDRESS | |
| Address | 1-बी,दरियागंज |
| City | नई दिल्ली |
| 300 ## - PHYSICAL DESCRIPTION | |
| Extent | 175पृ. |
| Dimensions | 21सेमी (सजिल्द ) |
| 942 ## - ADDED ENTRY ELEMENTS (KOHA) | |
| Source of classification or shelving scheme | Dewey Decimal Classification |
| Item type | Hindi Books |
| Classification part | 954 |
| Call number suffix | चतुर्वे |
| Withdrawn status | Lost status | Not for loan | Collection code | Home library | Current library | Date acquired | Source of acquisition | Cost, normal purchase price | Full call number | Barcode | Copy number | Cost, replacement price | Koha item type |
|---|---|---|---|---|---|---|---|---|---|---|---|---|---|
| Non-fiction | Patel Nagar | Patel Nagar | 25/04/2025 | DBAD/PUB | 600.00 | 954 चतुर्वे | HN-101904 | 1 | 600.00 | Hindi Books |
